|
|
|
|
| LEADER |
00000nas a2200000 a 4500 |
| 001 |
ssj0005279 |
| 003 |
WaSeSS |
| 005 |
20200512172242.0 |
| 006 |
m d |
| 007 |
cr n |
| 008 |
790412d19742004flubr pes 0 a0eng c |
| 010 |
|
|
|a sn 79002442
|
| 022 |
|
|
|l 0191-2933
|y 0191-2933
|
| 032 |
|
|
|a 377790
|b USPS
|
| 035 |
|
|
|a (WaSeSS)ssj0005279
|
| 037 |
|
|
|b Plants, Sites & Parks, Reader Service Center, PO Box 9287, Coral Springs, Fla. 33075-9986
|
| 040 |
|
|
|a NSD
|b eng
|c NSD
|d IUL
|d GUA
|d NSD
|d OCLCQ
|d NSD
|d IUL
|d OCL
|d U9S
|d OCLCQ
|d OCLCF
|d CUS
|d OCLCQ
|d WaSeSS
|
| 042 |
|
|
|a nsdp
|a pcc
|
| 043 |
|
|
|a n-us---
|
| 050 |
1 |
4 |
|a HC79.D5
|b P53
|
| 222 |
|
0 |
|a Plants, sites & parks
|
| 245 |
0 |
0 |
|a Plants, sites & parks
|h [electronic resource].
|
| 246 |
3 |
0 |
|a Plants, sites, and parks
|
| 246 |
3 |
0 |
|a PS & P
|f 1997-
|
| 260 |
|
|
|a Coral Springs, Fla. :
|b Plants, Sites & Parks
|
| 310 |
|
|
|a Bimonthly
|
| 362 |
1 |
|
|a Began in 1974? Ceased with v. 31, no. 6 (Nov. 2004).
|
| 506 |
|
|
|a License restrictions may limit access.
|
| 588 |
|
|
|a Description based on: Vol. 18, no. 2 (Mar./Apr. 1991); title from cover.
|
| 588 |
|
|
|a Latest issue consulted: Vol. 24, no. 3 (May 1997).
|
| 650 |
|
0 |
|a Industrial sites
|v Periodicals.
|
| 650 |
|
0 |
|a Industrial buildings
|v Periodicals.
|
| 650 |
|
0 |
|a Business parks
|v Periodicals.
|
| 650 |
|
6 |
|a Zones industrielles
|v Périodiques.
|
| 650 |
|
6 |
|a Constructions industrielles
|v Périodiques.
|
| 650 |
|
6 |
|a Parcs industriels
|v Périodiques.
|
| 650 |
|
7 |
|a Business parks.
|2 fast
|0 (OCoLC)fst00842812
|
| 650 |
|
7 |
|a Industrial buildings.
|2 fast
|0 (OCoLC)fst00970853
|
| 650 |
|
7 |
|a Industrial sites.
|2 fast
|0 (OCoLC)fst00971719
|
| 655 |
|
0 |
|a Electronic journals.
|
| 850 |
|
|
|a GU
|a InU
|
| 856 |
4 |
0 |
|z Full text available from Research Library: 01/01/1998 to 11/30/2004
|u https://search.proquest.com/publication/47651
|